000 01326nam a22002177a 4500
005 20250711131014.0
008 250711b |||||||| |||| 00| 0 eng d
020 _a978-81-7077-237-8 (hbk (Set)
037 _cTB
040 _aCRL
_cCRL
084 _aQ14:21 152R4.7-.8
_qCRL
245 _aअथर्ववेद: सम्पूर्ण हिन्दी भाष्य, शब्दार्थ एवं मन्त्र - अनुक्रमणिका सहित
260 _aदिल्ली, भारत:
_bविजयकुमार गोविन्दराम हासानन्द,
_c2024.
300 _a1265पृ0 (भाग 7 काण्ड संख्या 1 से 10 )
_b1272,2481पृ0 (भाग 8 काण्ड संख्या ग्यारह से बीस तक)
365 _b1800.00
_cINR
440 _vभाग 7-8
650 _2धर्म शास्त्र
700 _aत्रिवेदी, क्षेमकरणदास
_eTr.
_9815370
942 _2CC
_cTB
_hQ14:21 152R4.7-.8
_n0
999 _c1433577
_d1433577